000 00497nam a2200181Ia 4500
001 8475
005 20260306160612.0
008 260306t2004||||xx |||||||||||||| ||spa||
041 _aESP
082 _a371.1
_bF43
100 _aFerreiro Gravié, Ramón
_eAUT
245 0 _aEstrategias didácticas del aprendizaje cooperativo:
_bel constructivimo social: una nueva forma de enseñar y aprender
260 _c2004
300 _a
_c
650 _aGEN
654 _aCED
942 _cLIB
_dJUS
_fJUS
_2ddc
_n
999 _c8475
_d8475